01858 2200349 4500001002100000005001500021035002000036007000300056008004100059020002200100082000800122084001700130100002600147245007100173250001400244300003800258650000800296650000900304700001800313700002300331520094600354264003801300336002101338337003001359338002301389990001601412990001601428990001601444990001601460990001601476990001601492INLIS00000000116462520240909092043 a0010-0924000077ta240909 g 0 ind  a978-979-082-320-4 a664 aSR 664 SUS c0 aSusan Graciaepenulis1 aCake, cookies & pudding /cSusan Gracia; editor, Windy, Ayu Kharie aCetakan 1 a136 halaman :bilustrasi ;c24 cm 4aKue 4aRoti0 aWindyeeditor0 aAyu Kharieeeditor aMembuat cake atau cookies adalah terjemahan bebas dari kata baking, kegiatan yang konon dianggap lebih sulit dibandingkan ‘memasak’ masakan lain. Ini dikarenakan dalam baking dibutuhkan keterampilan khusus, mulai dari membuat adonan, mencetak, lalu memanggang. Keterampilan membuat kue ini umumnya didapat melalui panduan buku atau kursus. Di masa sekarang, kita dimudahkan dengan adanya instagram, facebook, dan cookpad sebagai platform berbagi info tentang kegiatan memasak. Belajar memasak kini menjadi hal yang mudah. Susan Gracia adalah seorang ibu muda yang membuktikan bahwa belajar memasak tidak lagi harus melalui buku maupun kursus. Kita bisa dengan mudah mengakses info tentang resep dan video tutorial masakan dari internet. Melalui Instagram, Facebook, dan Cookpad, Susan Gracia mengajak warganet untuk berbagi info dan belajar bersama membuat aneka cake, cookies, dan puding cantik yang memanjakan mata maupun lidah kita. aJakarta :bDemedia Pustaka,c2020 2rdacontentateks 2rdamediaatanpa perantara 2rdacarrieravolume a54352.67172 a54353.67173 a54353.67173 a54352.67172 a54352.67172 a54353.67173